|
|
|
|
| LEADER |
00000nkmaa2200000 a 4500 |
| 001 |
vtls011893139 |
| 003 |
SK-MaSNL |
| 005 |
20260301225249.0 |
| 007 |
kh ao |
| 008 |
230802n xx | |||0 k|slo |
| 035 |
|
|
|a urn:nbn:sk:snk-km00ejac
|
| 035 |
|
|
|a urn:nbn:sk:snk-km45w6x
|
| 035 |
|
|
|a 094E8FEE-5259-4E61-B230-ADA192B25D8B
|
| 040 |
|
|
|a SNKLA
|b slo
|c SNKLA
|e AACR2
|
| 041 |
0 |
|
|a slo
|
| 044 |
|
|
|a xx
|
| 245 |
0 |
0 |
|a [Kašovicová, Zuzana]
|h grafika
|
| 260 |
|
|
|a [S.l.
|b s.n.
|c s.a.]
|
| 300 |
|
|
|a 1 fotografia
|b v hnedom tóne
|c 17 x 11 cm
|
| 520 |
2 |
|
|a Zobrazenie: Podobizeň Zuzany Kašovicovej, rod. Šimkovej (1822-1904), manželky národného pracovníka a hodinára Andreja Kašovica, matky národnokultúrnej pracovníčky Anny Mudroňovej.
|
| 600 |
1 |
7 |
|a Kašovicová, Zuzana,
|d 1822-1904
|2 SNKMA
|9 618595
|
| 655 |
|
7 |
|a portrétne fotografie
|2 SNKPH
|9 305796
|
| 852 |
7 |
|
|a Slovenská národná knižnica
|b Literárny archív
|
| 958 |
|
|
|a ZO
|
| 958 |
|
|
|a BLA
|
| 999 |
|
|
|c 950271
|d 952201
|
| 952 |
|
|
|a SNKLA
|b SNKLA
|c SNKLA_DEP
|y NEVYP
|7 0
|p 17A1309916
|o snkSK 14/2
|i snkLA 3177/1954
|0 0
|1 0
|4 0
|d 2019-10-11
|f 1
|l 0
|r 2026-02-24 09:46:19
|w 2026-02-24
|